| 000 | 00981nam a22002057a 4500 | ||
|---|---|---|---|
| 003 | OSt | ||
| 005 | 20260413013021.0 | ||
| 008 | 260413b |||||||| |||| 00| 0 eng d | ||
| 020 | _a9781893951532 | ||
| 040 |
_aDWCL GS lib _cOC |
||
| 082 | _aFic. W684 2010 | ||
| 100 | _aRiley Publishing | ||
| 245 |
_aRilley's RBI fact or fiction? Bureau of investigation : _bthe dragon's triangle _cRiley's Publishing |
||
| 260 |
_aNew York _bRiley's publishing _cC2010 |
||
| 300 |
_a125 _billustrations _c19cm |
||
| 520 | _aRipley's Bureau of Investigation 2: Dragon's Triangle (2010) is a 125-page children's fiction book by Kay Wilkins. It follows teen agents investigating a "slumbering sea dragon" and monstrous creatures causing havoc off the coast of Japan. The story connects to the real-life Dragon's Triangle mystery, aiming at readers aged 7-11. | ||
| 546 | _aEnglish | ||
| 700 | _aRiley Publishing | ||
| 942 |
_2ddc _cFIC. _hFic. W684 2010 _n0 |
||
| 999 |
_c9367 _d9367 |
||